Лабораторный практикум по дисциплине «Проектирование женского нижнего белья»
В лабораторном практикуме приведены задания и требования к их выполнению по изучению вопросов, ассортимента женского нижнего белья, включая исторические аналоги, типологию женских фигур, НТД для проектирования женского нижнего белья, маркировку женского нижнего белья в России и других странах, особе...
সংরক্ষণ করুন:
| প্রধান লেখক: | |
|---|---|
| বিন্যাস: | Книга |
| ভাষা: | Russian |
| প্রকাশিত: |
Иваново
ИВГПУ
2016
|
| অনলাইন ব্যবহার করুন: | https://e.lanbook.com/book/170904 https://e.lanbook.com/img/cover/book/170904.jpg |
| ট্যাগগুলো: |
ট্যাগ যুক্ত করুন
কোনো ট্যাগ নেই, প্রথমজন হিসাবে ট্যাগ করুন!
|
| LEADER | 02323nam0a2200241 i 4500 | ||
|---|---|---|---|
| 001 | 170904 | ||
| 003 | RuSpLAN | ||
| 005 | 20221220174124.0 | ||
| 008 | 221220s2016 ru gs 000 0 rus | ||
| 040 | |a RuSpLAN | ||
| 041 | 0 | |a rus | |
| 044 | |a ru | ||
| 080 | |a 687.2-055.2 | ||
| 245 | 0 | 0 | |a Лабораторный практикум по дисциплине «Проектирование женского нижнего белья» |c Жукова И. В. |
| 260 | |a Иваново |b ИВГПУ |c 2016 | ||
| 300 | |a 33 с. | ||
| 504 | |a Библиогр.: доступна в карточке книги, на сайте ЭБС Лань | ||
| 520 | 8 | |a В лабораторном практикуме приведены задания и требования к их выполнению по изучению вопросов, ассортимента женского нижнего белья, включая исторические аналоги, типологию женских фигур, НТД для проектирования женского нижнего белья, маркировку женского нижнего белья в России и других странах, особенности конструирования одежды из растяжимых материалов, алгоритмы построения чертежей конструкций поясных, плечевых и комбинированных видов женского белья, а так же методы обработки нижнего белья. Лабораторный практикум предназначен для бакалавров очной, очно-заочной и заочной форм обучения направления подготовки 29.03.05 Конструирование изделий легкой промышленности, изучающих дисциплину «Проектирование женского нижнего белья». | |
| 521 | 8 | |a Книга из коллекции ИВГПУ - Технологии легкой промышленности | |
| 100 | 1 | |a Жукова И. В. | |
| 856 | 4 | |u https://e.lanbook.com/book/170904 | |
| 856 | 4 | 8 | |u https://e.lanbook.com/img/cover/book/170904.jpg |
| 953 | |a https://e.lanbook.com/img/cover/book/170904.jpg | ||